000 00487nam a22001817a 4500
003 UA-OsUOA
001 8790
007 ta
008 20040927b un ||||| |||| 00| 0 ukr d
100 _aПрилуцький С.
942 _cSA
040 _aUA-OsUOA
_cUA-OsUOA
_dUA-OsUOA
245 _aСудова система Республіки Польща
300 _aС.146-150
955 _a0
773 0 _w0
_tПраво України
_dКиїв
_d2004
_gN9
650 7 _aПольща
_2UDC
999 _c294951
_d294951